| 000 | 00698cab a2200217 4500 | ||
|---|---|---|---|
| 001 | WB3422-28 | ||
| 008 | 090401t1998 xxu||||| |||| 00| 0 eng d | ||
| 035 | _a(Sirsi) u86726 | ||
| 041 | _aeng | ||
| 245 | _aCross-border harmony on land use | ||
| 260 | _c1998 | ||
| 350 | _a0 | ||
| 490 |
_aFinancial Times _v8 June 1998, 3; 9 June 1998, 2(2) |
||
| 520 | _aBritain is to press the EU into agreeing new proposals to co-ordinate their planning polcies via the Europan Spatial Development Perspective. | ||
| 650 | _aEUROPEAN SPATIAL DEVELOPMENT PERSPECTIVE | ||
| 650 | _aEUROPEAN UNION | ||
| 650 | _aPLANNING POLICIES | ||
| 690 | _aEUROPE-SINGLE MARKET | ||
| 942 | _n0 | ||
| 948 | _c09/06/1998 | ||
| 999 |
_c54614 _d54614 |
||